UBT Library

INTRODUCTORY CHEMISTRY (Record no. 60145)

000 -LEADER
fixed length control field 00340nam a22001457a 4500
008 - FIXED-LENGTH DATA ELEMENTS--GENERAL INFORMATION
fixed length control field 230717b ||||| |||| 00| 0 eng d
020 ## - INTERNATIONAL STANDARD BOOK NUMBER
International Standard Book Number 9780534406912
041 ## - LANGUAGE CODE
Language code of text/sound track or separate title eng
080 ## - UNIVERSAL DECIMAL CLASSIFICATION NUMBER
Edition identifier SECOND EDITION
Universal Decimal Classification number 575
082 ## - DEWEY DECIMAL CLASSIFICATION NUMBER
Classification number 575CRA
100 ## - Rafti
Rafti 13
101 ## - Shkurtesa
Shkurtesa BIOKIM
245 ## - TITLE STATEMENT
Title INTRODUCTORY CHEMISTRY
Statement of responsibility, etc CRACOLICE PETERS
942 ## - ADDED ENTRY ELEMENTS (KOHA)
Source of classification or shelving scheme
Item type Books
Holdings
Withdrawn status Lost status Source of classification or shelving scheme Damaged status Not for loan Collection code Permanent location Current location Date acquired Total Checkouts Full call number Barcode Date last seen Price effective from Koha item type
          Koleksioni i përgjithshem UBT - Lipjan UBT - Lipjan 07/17/2023   575CRA 002-800080829 07/17/2023 07/17/2023 Books
UBT Library © 2015-2024. All rights reserved University Education for Business and Technology